| 000 | 00626nam a2200217 a 4500 | ||
|---|---|---|---|
| 005 | 20140310183532.0 | ||
| 008 | 111110s19uu xx 00 eng d | ||
| 020 | _a978-007-128923-8 | ||
| 050 |
_aHF 5415.153 _b.C856 2011 |
||
| 100 | _aCrawford, Merle | ||
| 245 |
_aNew products management / _cMerle Crawford, Anthony Di Benedetto. |
||
| 250 | _a10th ed. | ||
| 260 |
_aNew York : _bMcGraw-Hill, _c2011. |
||
| 300 |
_a576 p. : _c23 cm. |
||
| 650 | _aNew products | ||
| 650 | _aProduct management | ||
| 650 | _aDiffusion of innovations | ||
| 700 | _aDi Benedetto, Anthony | ||
| 942 |
_cBK _2lcc _kFOR |
||
| 999 |
_c24641 _d24641 |
||